Pays plus grands que la France à l'aveugle - Statistiques

Statistiques générales
  • Ce quiz a été pris 101 fois
  • Le résultat moyen est 24 sur 40
Statistiques - réponses
Hint Réponse % Correct
br Brésil
98%
ru Russie
98%
ca Canada
96%
us États-Unis
94%
mx Mexique
91%
cn Chine
89%
dz Algérie
88%
ar Argentine
88%
au Australie
88%
cd République démocratique du Congo
81%
in Inde
80%
za Afrique du Sud
74%
eg Égypte
74%
kz Kazakhstan
72%
co Colombie
71%
mn Mongolie
71%
cl Chili
68%
ir Iran
64%
pe Pérou
60%
sa Arabie Saoudite
56%
id Indonésie
56%
ne Niger
54%
tr Turquie
53%
ml Mali
52%
sd Soudan
52%
pk Pakistan
48%
td Tchad
48%
ve Venezuela
47%
bo Bolivie
46%
ly Libye
45%
et Éthiopie
44%
ng Nigeria
44%
mr Mauritanie
39%
na Namibie
35%
tz Tanzanie
35%
mz Mozambique
34%
ao Angola
32%
dk Danemark
19%
mm Birmanie
18%
zm Zambie
16%
Aucun quiz correspondant
Distribution des résultats
% des personnes avec chaque résultat
Percentile par nombre de réponses
Votre historique - résultats
Vous n’avez pas pris ce quiz